1191 1213 1223 1800 1121 1963 1318 1029 1256 1226 1318 1456 1930 1630 1601 1219 1422 1737 1002 1934 1091 1893 1400 1437 1561 1114 1037 1723 1939 1968 1476 1332 1618 1543 1605 1745 1373 1105 1560 1431 1205 2000 1116 1210 1075 1594 1363 1450 1996 1602 1470 1296 1984 1618 1944 1664 1595 1392 1386 1766 1779 1013 1286 1123 1457 1882 1071 1771 1581 1599 1438 1674 1926 1744 1668 1774 1870 1589 1250 1437 1438 1635 1498 1565 1795 1603 1427 1267 1343 1665 1521 1457 1225 1546 1759 1183 1303 1707 1224 BCNSPRNW ULIB Ver.6.0+V

เปลี่ยนเป็นภาษาไทย

Change to English
 แสดงรายละเอียดบรรณานุกรม
  กลับหน้าหลัก

Brief Record : Get Marc (ISO 2709) : E-mail record : QR code < ปิดหน้าต่าง
LEADER : 00000nam 2200000uu 4500
001    13399122195
003     ULIB
008    130109s2555||||th 000 0 tha d
020    ^a9789740322634
060 04 ^aQU145^bพ725ส
100 0  ^aพิมลพรรณ อนันต์กิจไพศาล
245 10 ^aสารอาหารดีๆอยู่ 120 ปี ไม่มีโรค /^cพิมลพรรณ อนันต์กิจไพศาล
250    ^aพิมพ์ครั้งที่ 1
260    ^aกรุงเทพฯ :^bเก็ท ไอเดีย,^c2555
300    ^a208 หน้า :^bภาพประกอบ ;^c21 ซม.
650  7 ^aโภชนาการ
650  7 ^aรายการอาหาร
650  7 ^aสารอาหาร
650  7 ^aสุขภาพ
945    ^p159^l0^i19656
995    ^aกัณชพร
999 ^a ใช้งานได้ทุกระบบ
รายการนี้ยังไม่มีแท็ก
คุณยังไม่ได้ล็อกอิน คุณสามารถมีกิจกรรมร่วมกับเว็บไซต์ได้ แต่ต้องล็อกอินก่อน ::
  ล็อกอิน

รายการสื่อสารสนเทศ

ลำดับที่ ประเภท เลขเรียก/บาร์โค้ด สถานที่ สถานะ
1. การศึกษาทั่วไป
การศึกษาทั่วไป
สถานะ=หนังสือเก่า
QU145 พ725ส  
  Barcode: 19656
ห้องสมุดวิทยาเขตนครสวรรค์
►ส่วนจัดเก็บหนังสือเก่า นว.
บนชั้น
  ขอยืม

รายการใกล้เคียง
    ผู้แต่ง [พิมลพรรณ อนันต์กิจไพศาล]

    หัวเรื่อง [โภชนาการ]
    หัวเรื่อง [รายการอาหาร]
    หัวเรื่อง [สารอาหาร]
    หัวเรื่อง [สุขภาพ]

BibComment


ยังไม่เคยถูกคอมเมนท์

คอมเมนท์ทรัพยากรรายการนี้
  คอมเมนท์: สารอาหารดีๆอยู่ ..


 Copyright 2026. Bcnsprnw @Library